Statistiques concernant Joueurs de l'équipe de France de football (2020 - …).

Cliquez ici pour prendre le quiz!

Statistiques générales

  • Ce quiz a été pris 55 702 fois
    (19 651 depuis la dernière actualisation)
  • Le résultat moyen est 33 sur 56

Statistiques - réponses

Sél. (Ti.)PosteJoueurClubBts% Correct
44 (40)AAntoine GriezmannAtlético Madrid14
99%
37 (32)AKylian MbappéParis SG26
99%
31 (31)GHugo LlorisTottenham Hotspur-
97%
28 (19)AOlivier GiroudAC Milan15
96%
18 (17)DLucas HernandezParis SG-
91%
21 (18)MPaul PogbaJuventus1
91%
17 (16)DThéo HernandezAC Milan2
91%
33 (28)MAdrien RabiotJuventus3
90%
29 (27)DRaphaël VaraneManchester United-
90%
24 (20)DBenjamin PavardBayern Munich2
88%
16 (14)AKarim BenzemaAl-Ittihad10
88%
14 (13)MN'golo KanteAl-Ittihad1
88%
27 (21)MAurélien TchouaméniReal Madrid3
87%
12 (7)MEduardo CamavingaReal Madrid1
86%
18 (8)AOusmane DembéléParis SG2
86%
28 (13)MKingsley ComanBayern Munich1
82%
22 (18)DJules KoundéFC Barcelone-
81%
10 (9)GMike MaignanAC Milan-
79%
19 (19)DPresnel KimpembeParis SG-
76%
16 (15)DDayot UpamecanoBayern Munich2
74%
1 (-)MKhéphren ThuramOGC Nice-
74%
12 (2)AMarcus ThuramInter Milan1
74%
11 (9)DIbrahima KonatéLiverpool FC-
73%
8 (4)ARandal Kolo MuaniParis SG1
66%
12 (7)AAnthony MartialManchester United1
63%
10 (5)DWilliam SalibaArsenal FC-
61%
11 (3)AWissam Ben YedderAS Monaco1
60%
2 (1)GAlphonse AreolaWest Ham United-
59%
6 (2)DJonathan ClaussOlympique de Marseille-
59%
16 (12)DLucas DigneAston Villa-
58%
1 (1)DWesley FofanaChelsea FC-
58%
11 (2)MYoussouf FofanaAS Monaco-
58%
7 (3)MMattéo GuendouziSS Lazio1
56%
3 (3)GSteve MandandaStade rennais-
56%
5 (4)DFerland MendyReal Madrid-
52%
1 (1)GBrice SambaRC Lens-
51%
7 (5)MCorentin TolissoOlympique lyonnais1
51%
6 (2)MJordan VeretoutOlympique de Marseille-
50%
1 (-)ANabil FekirReal Betis Balompié-
47%
9 (3)AMoussa DiabyAston Villa-
44%
9 (3)AChristopher NkunkuChelsea FC-
41%
5 (3)MThomas LemarAtlético Madrid-
41%
2 (2)DBoubacar KamaraAston Villa-
36%
4 (1)DAxel DisasiChelsea FC-
33%
9 (3)MMoussa SissokoFC Nantes-
32%
6 (5)DKurt ZoumaWest Ham United-
26%
1 (-)DJean-Clair TodiboOGC Nice-
25%
1 (1)MTanguy N'DombeleTottenham Hotspur-
25%
8 (6)DClément LengletAston Villa-
23%
6 (4)MSteven N'ZonziKonyaspor-
23%
2 (1)DBenoît BadiashileChelsea FC-
20%
9 (6)DLéo DuboisGalatasaray SK-
19%
1 (1)MHoussem AouarAS Rome-
18%
1 (-)DNordi MukieleParis SG-
17%
1 (-)DAdrien TruffertStade rennais-
14%
1 (-)DRuben AguilarRC Lens-
6%

Distribution des résultats

Percentile par nombre de réponses

% des personnes avec chaque résultat

Votre développement - résultats

Vous n’avez pas pris ce quiz depuis la dernière actualisation